[Event "EU-ch 14th"]
[Site "Legnica"]
[Date "2013.05.10"]
[Round "6"]
[White "Jakovenko, Dmitrij"]
[Black "Golub, Dan"]
[Result "1-0"]
[WhiteElo "2731"]
[BlackElo "2305"]
[PlyCount "75"]
[EventDate "2013.05.05"]
[EventType "swiss"]
[EventRounds "11"]
[EventCountry "POL"]
[SourceTitle "CBM 155"]
[Source "ChessBase"]
[SourceDate "2013.07.16"]
[SourceVersion "1"]
[SourceVersionDate "2013.07.16"]
[SourceQuality "1"]

1. Nf3 Nf6 2. c4 e6 3. Nc3 d5 4. d4 Bb4 5. cxd5 Nxd5 6. Bd2 0-0 7. e4 Nxc3 8. bxc3 Ba5 9. Bc4 c5 10. 0-0 Nc6 11. Rc1 Bb6 12. Bg5 f6 13. Be3 Qe7 14. Qe2 Na5 15. Bd3 Bd7 16. Nd2 Rac8 17. Nc4 Nxc4 18. Bxc4 cxd4 19. cxd4 Kh8 20. h4 f5 21. Bg5 Qe8 22. exf5 exf5 23. d5 Qg6 24. Be7 Rce8 25. h5 Qg3 26. Bxf8 Rxe2 27. Bxe2 f4 28. Bc5 Qg5 29. Bxb6 axb6 30. Bf3 Kg8 31. Rc7 Bg4 32. Re1 Kf8 33. Bxg4 Qxg4 34. Rc4 Qg5 35. d6 f3 36. g3 Qd8 37. Rf4+ Kg8 38. Rxf3 1-0

[Event "EU-ch 14th"]
[Site "Legnica"]
[Date "2013.05.07"]
[Round "3"]
[White "Golub, Dan"]
[Black "Gebigke, Martin"]
[Result "1-0"]
[WhiteElo "2305"]
[BlackElo "2158"]
[PlyCount "77"]
[EventDate "2013.05.05"]
[EventType "swiss"]
[EventRounds "11"]
[EventCountry "POL"]
[SourceTitle "CBM 155"]
[Source "ChessBase"]
[SourceDate "2013.07.16"]
[SourceVersion "1"]
[SourceVersionDate "2013.07.16"]
[SourceQuality "1"]

1. e4 c5 2. Nc3 d6 3. f4 g6 4. Nf3 Bg7 5. Bb5+ Bd7 6. Bc4 Nc6 7. d3 Na5 8. Bb3 e6 9. 0-0 Ne7 10. Qe1 Nxb3 11. axb3 0-0 12. Be3 b6 13. d4 Bc6 14. Rd1 Qc8 15. Qh4 f6 16. Nd2 cxd4 17. Bxd4 d5 18. Qh3 e5 19. Qxc8 Rfxc8 20. fxe5 fxe5 21. Bf2 d4 22. Ncb1 Bb5 23. Rfe1 Bh6 24. Nf3 Nc6 25. c3 dxc3 26. bxc3 Rd8 27. c4 Ba6 28. Nc3 Na5 29. Nd5 Bb7 30. Bh4 Rf8 31. Nxe5 Bxd5 32. cxd5 Nxb3 33. d6 g5 34. Bf2 Nc5 35. Bxc5 bxc5 36. d7 Bg7 37. Nc6 Bf6 38. e5 Bd8 39. e6 1-0

[Event "Kishinev Cup"]
[Site "Kishinev"]
[Date "2012.08.05"]
[Round "7"]
[White "Golub, Dan"]
[Black "Vusatiuk, Vladimir"]
[Result "1-0"]
[WhiteElo "2261"]
[BlackElo "2318"]
[PlyCount "41"]
[EventDate "2012.08.01"]
[EventType "tourn"]
[EventRounds "9"]
[EventCountry "MDA"]
[SourceTitle "EXT 2024"]
[Source "ChessBase"]
[SourceDate "2023.10.10"]
[SourceVersion "1"]
[SourceVersionDate "2023.10.10"]
[SourceQuality "1"]

1. e4 c5 2. Nc3 a6 3. Nf3 d6 4. d4 cxd4 5. Nxd4 Nf6 6. Be3 e6 7. f3 b5 8. Qd2 Nbd7 9. a4 b4 10. Na2 a5 11. Bb5 Qc7 12. c3 d5 13. cxb4 axb4 14. Rc1 Qd6 15. Bc6 Rb8 16. Nb5 Rxb5 17. Bxb5 Bb7 18. Bc5 Qe5 19. Bd4 Qb8 20. e5 Ng8 21. Qc2 1-0

[Event "Kishinev Cup"]
[Site "Kishinev"]
[Date "2012.08.03"]
[Round "4"]
[White "Baikovsky, Yuriy"]
[Black "Golub, Dan"]
[Result "1/2-1/2"]
[WhiteElo "2355"]
[BlackElo "2261"]
[PlyCount "88"]
[EventDate "2012.08.01"]
[EventType "tourn"]
[EventRounds "9"]
[EventCountry "MDA"]
[SourceTitle "EXT 2024"]
[Source "ChessBase"]
[SourceDate "2023.10.10"]
[SourceVersion "1"]
[SourceVersionDate "2023.10.10"]
[SourceQuality "1"]

1. e4 e5 2. Nf3 Nc6 3. Bb5 a6 4. Bxc6 dxc6 5. d4 exd4 6. Qxd4 Qxd4 7. Nxd4 Bc5 8. Be3 Nf6 9. f3 0-0 10. Nc3 Bb4 11. Nde2 Be6 12. 0-0-0 Rfd8 13. Rxd8+ Rxd8 14. Rd1 Rxd1+ 15. Kxd1 Ne8 16. a3 Bd6 17. Nf4 Bd7 18. h3 f5 19. Nd3 fxe4 20. Nxe4 Be7 21. g4 Nd6 22. Nef2 b6 23. Ke2 Bh4 24. f4 h5 25. Kf3 Nc4 26. Bc1 hxg4+ 27. hxg4 Be7 28. a4 c5 29. b3 Bc6+ 30. Kg3 Nd6 31. Ne5 Be8 32. f5 g6 33. Nxg6 Bxg6 34. fxg6 Kg7 35. Kf4 Kxg6 36. Ke5 c4 37. Ne4 Nxe4 38. Kxe4 cxb3 39. cxb3 b5 40. axb5 axb5 41. Kd5 c5 42. Ba3 c4 43. Bxe7 cxb3 44. Ba3 Kg5 1/2-1/2

[Event "Kishinev Cup"]
[Site "Kishinev"]
[Date "2012.08.02"]
[Round "3"]
[White "Romcovici, Victor"]
[Black "Golub, Dan"]
[Result "0-1"]
[WhiteElo "2146"]
[BlackElo "2261"]
[PlyCount "132"]
[EventDate "2012.08.01"]
[EventType "tourn"]
[EventRounds "9"]
[EventCountry "MDA"]
[SourceTitle "EXT 2024"]
[Source "ChessBase"]
[SourceDate "2023.10.10"]
[SourceVersion "1"]
[SourceVersionDate "2023.10.10"]
[SourceQuality "1"]

1. d4 Nf6 2. Nf3 g6 3. g3 Bg7 4. Bg2 0-0 5. c4 d6 6. 0-0 Nc6 7. Nc3 a6 8. e4 Bg4 9. h3 Bxf3 10. Bxf3 e5 11. d5 Nd4 12. Bg2 Nd7 13. Be3 c5 14. dxc6 bxc6 15. f4 Rb8 16. b3 Qa5 17. Rc1 Rbe8 18. f5 Qd8 19. Qd2 Bf6 20. Na4 c5 21. Nc3 Bg7 22. g4 f6 23. h4 Kh8 24. Rf2 Rg8 25. Rcf1 g5 26. hxg5 fxg5 27. Nd5 Bf6 28. Bf3 h6 29. Rh2 Kg7 30. Kf2 Rh8 31. Rfh1 Be7 32. Kg3 Reg8 33. Rh3 Bf8 34. Rxh6 Rxh6 35. Bxg5 Rf6 36. Qh2 Be7 37. Qh7+ Kf8 38. Rh5 Qe8 39. Bh6+ Rxh6 40. Qxh6+ Kf7 41. g5 Qf8 42. g6+ Ke8 43. Nc7+ Kd8 44. Qxf8+ Bxf8 45. Nxa6 Nf6 46. Rh2 Kc8 47. b4 Kb7 48. b5 d5 49. cxd5 Nxb5 50. Rb2 Kxa6 51. Be2 Nxe4+ 52. Kg2 c4 53. Bxc4 Ned6 54. Rxb5 Nxc4 55. Rb8 Ne3+ 56. Kf3 Nxf5 57. d6 Nxd6 58. Ke2 Rh8 59. a4 Bg7 60. Rb4 Ka5 61. Rg4 Rh2+ 62. Kf3 e4+ 63. Kf4 Rf2+ 64. Ke3 Rf3+ 65. Ke2 Rf6 66. Ke3 Kxa4 0-1

[Event "Nabokov Memorial-B 10th"]
[Site "Kiev"]
[Date "2012.04.25"]
[Round "8"]
[White "Golub, Dan"]
[Black "Melnichuk, Mikhail"]
[Result "1-0"]
[WhiteElo "2250"]
[BlackElo "2343"]
[PlyCount "67"]
[EventDate "2012.04.19"]
[EventType "tourn"]
[EventRounds "9"]
[EventCountry "UKR"]
[EventCategory "3"]
[SourceTitle "CBM 148 Extra"]
[Source "ChessBase"]
[SourceDate "2012.06.22"]
[SourceVersion "1"]
[SourceVersionDate "2012.06.22"]
[SourceQuality "1"]

1. e4 e6 2. d4 d5 3. Nc3 Bb4 4. e5 c5 5. a3 Bxc3+ 6. bxc3 Ne7 7. Qg4 Qc7 8. Qxg7 Rg8 9. Qxh7 cxd4 10. Ne2 dxc3 11. f4 Nbc6 12. Qd3 Bd7 13. Qxc3 Nf5 14. Rb1 0-0-0 15. Rg1 d4 16. Qd3 f6 17. g4 fxe5 18. gxf5 Rxg1 19. Nxg1 exf5 20. fxe5 Nxe5 21. Qb3 Re8 22. Ne2 Bc6 23. Bf4 Qe7 24. Qb4 Qe6 25. Rb3 d3 26. cxd3 Nf3+ 27. Kd1 Rd8 28. Kc1 Rd5 29. d4 Rb5 30. Qf8+ Kd7 31. Qg7+ Kc8 32. Re3 Be4 33. Nc3 Qc6 34. Bxb5 1-0

[Event "Nabokov Memorial-B 10th"]
[Site "Kiev"]
[Date "2012.04.22"]
[Round "4"]
[White "Golub, Dan"]
[Black "Kernazhitsky, Leonid"]
[Result "0-1"]
[WhiteElo "2250"]
[BlackElo "2306"]
[PlyCount "76"]
[EventDate "2012.04.19"]
[EventType "tourn"]
[EventRounds "9"]
[EventCountry "UKR"]
[EventCategory "3"]
[SourceTitle "CBM 148 Extra"]
[Source "ChessBase"]
[SourceDate "2012.06.22"]
[SourceVersion "1"]
[SourceVersionDate "2012.06.22"]
[SourceQuality "1"]

1. e4 c5 2. Nf3 Nc6 3. d4 cxd4 4. Nxd4 Nf6 5. Nc3 e5 6. Ndb5 d6 7. Bg5 a6 8. Na3 Be6 9. Nc4 Rc8 10. Ne3 Be7 11. Bxf6 Bxf6 12. Bc4 Bg5 13. Ned5 0-0 14. Bb3 Nd4 15. 0-0 Kh8 16. Qd3 g6 17. f4 Nxb3 18. axb3 exf4 19. Qd4+ Kg8 20. Rf2 Bxd5 21. Nxd5 Qe8 22. Nb6 Rc6 23. Nc4 Qe6 24. Rd1 b5 25. Qd5 Qc8 26. Nxd6 Rxd6 27. Qxd6 Rd8 28. e5 Rxd6 29. exd6 Qg4 30. Rf3 Bd8 31. d7 Qf5 32. Rc3 Kg7 33. Rdd3 g5 34. Rc8 Qe5 35. Kf1 Qe7 36. Ra8 a5 37. Rc3 Bb6 38. Rb8 Qxd7 0-1

[Event "Chebanenco Memorial"]
[Site "Kishinev"]
[Date "2012.04.07"]
[Round "7"]
[White "Kalinina, Marianna"]
[Black "Golub, Dan"]
[Result "1-0"]
[WhiteElo "2042"]
[BlackElo "2250"]
[PlyCount "153"]
[EventDate "2012.04.03"]
[EventType "tourn"]
[EventRounds "9"]
[EventCountry "MDA"]
[EventCategory "2"]
[SourceTitle "CBM 148 Extra"]
[Source "ChessBase"]
[SourceDate "2012.06.22"]
[SourceVersion "1"]
[SourceVersionDate "2012.06.22"]
[SourceQuality "1"]

1. e4 e5 2. Nf3 Nc6 3. Bb5 a6 4. Ba4 Nf6 5. 0-0 Be7 6. Re1 b5 7. Bb3 0-0 8. d4 Nxd4 9. Nxd4 exd4 10. e5 Ne8 11. Qxd4 c5 12. Qe4 Rb8 13. c4 Bb7 14. Qg4 b4 15. Bf4 d6 16. Rd1 Qc7 17. Qg3 Rd8 18. Nd2 dxe5 19. Bxe5 Bd6 20. Bxd6 Qxd6 21. Nf1 Qxg3 22. Nxg3 Nc7 23. f3 Ne6 24. Nf5 g6 25. Ne3 f5 26. Ba4 Nd4 27. Nc2 Ne2+ 28. Kf2 Nf4 29. Ne1 Kf7 30. Rxd8 Rxd8 31. Rd1 Rxd1 32. Bxd1 Ne6 33. Nd3 Ke7 34. Ke3 a5 35. h4 Kd6 36. Ba4 Ba6 37. b3 Bb7 38. Be8 Ke7 39. Bb5 h6 40. g3 g5 41. hxg5 hxg5 42. Ba4 Kd6 43. Be8 Nd4 44. Bg6 Bxf3 45. Bxf5 Bd1 46. Bg6 Bc2 47. Be4 Nxb3 48. axb3 Bxb3 49. Bd5 a4 50. Nc1 Bc2 51. Kd2 Bg6 52. Bf3 Ke5 53. Bd1 Kd4 54. Bxa4 Kxc4 55. Bb3+ Kb5 56. Nd3 Bf5 57. Ne5 Kb6 58. Ke3 Kc7 59. Nf7 g4 60. Ne5 Kd6 61. Kf4 Bc8 62. Nf7+ Kc6 63. Bc4 Kb6 64. Ne5 Ka5 65. Nd3 Kb6 66. Ke5 Kc6 67. Nf4 Bd7 68. Ng6 Kb6 69. Ne7 Ba4 70. Kd6 b3 71. Nd5+ Ka5 72. Kxc5 b2 73. Bd3 Bd1 74. Ne3 Bb3 75. Nc4+ Ka4 76. Nxb2+ Ka3 77. Nc4+ 1-0

[Event "MDA-ch"]
[Site "Kishinev"]
[Date "2012.02.17"]
[Round "6"]
[White "Nevednichy, Boris M"]
[Black "Golub, Dan"]
[Result "0-1"]
[WhiteElo "2264"]
[BlackElo "2207"]
[PlyCount "162"]
[EventDate "2012.02.07"]
[EventType "tourn"]
[EventRounds "11"]
[EventCountry "MDA"]
[SourceTitle "EXT 2014"]
[Source "ChessBase"]
[SourceDate "2013.11.20"]
[SourceVersion "1"]
[SourceVersionDate "2013.11.20"]
[SourceQuality "1"]

1. b4 d5 2. Nf3 Nf6 3. Bb2 e6 4. b5 c5 5. e3 Be7 6. c4 b6 7. a4 Nbd7 8. Be2 0-0 9. 0-0 Bb7 10. d3 Qc7 11. Nbd2 Rfe8 12. Rc1 Rad8 13. d4 Qb8 14. a5 cxd4 15. exd4 Bb4 16. axb6 axb6 17. cxd5 Nxd5 18. g3 f6 19. Nc4 Nf8 20. Qb3 Ba8 21. Ne3 Bd6 22. Nxd5 Bxd5 23. Bc4 Ba8 24. Rfd1 Kh8 25. d5 e5 26. Nh4 g6 27. Ng2 Rc8 28. Ne3 Nd7 29. Bf1 Qb7 30. Nc4 Bc5 31. Bg2 Kg7 32. Qa4 Rc7 33. Ne3 Bxe3 34. fxe3 Nc5 35. Qh4 Rd7 36. e4 Rc7 37. Rf1 Rf7 38. Ba3 Qa7 39. Bxc5 bxc5 40. Ra1 Qb8 41. Rab1 Qb6 42. g4 g5 43. Qf2 Rc8 44. h4 Rcf8 45. Rfc1 Rc7 46. Bf1 Bb7 47. Rc3 gxh4 48. Qxh4 Kh8 49. Kh2 Rg7 50. Rf3 Qd6 51. Bh3 Rg6 52. Rbf1 Kg7 53. Rg1 Bc8 54. Qf2 Bd7 55. Rc3 Rc8 56. Rgc1 Bxg4 57. Rxc5 Rxc5 58. Qxc5 Qxc5 59. Rxc5 Rh6 60. Rc7+ Kf8 61. b6 Rxh3+ 62. Kg2 Rb3 63. b7 Bf3+ 64. Kf2 Bxe4 65. Rc8+ Ke7 66. b8Q Rxb8 67. Rxb8 Bxd5 68. Rh8 Be4 69. Ke3 Bg6 70. Ra8 Ke6 71. Ra6+ Kf5 72. Rb6 Kg5 73. Re6 h5 74. Re7 Kf5 75. Ra7 h4 76. Ra1 Bh5 77. Kf2 Kg5 78. Ra5 Bg4 79. Rb5 Kf4 80. Kg2 f5 81. Rb1 e4 0-1

[Event "MDA-ch"]
[Site "Kishinev"]
[Date "2012.02.10"]
[Round "4"]
[White "Baltag, Iulian"]
[Black "Golub, Dan"]
[Result "1-0"]
[WhiteElo "2404"]
[BlackElo "2207"]
[PlyCount "111"]
[EventDate "2012.02.07"]
[EventType "tourn"]
[EventRounds "11"]
[EventCountry "MDA"]
[SourceTitle "EXT 2014"]
[Source "ChessBase"]
[SourceDate "2013.11.20"]
[SourceVersion "1"]
[SourceVersionDate "2013.11.20"]
[SourceQuality "1"]

1. e4 c5 2. Nc3 Nc6 3. Nf3 Nf6 4. Bb5 Nd4 5. e5 Nxb5 6. Nxb5 Nd5 7. Ng5 f5 8. 0-0 Nc7 9. a4 Nxb5 10. axb5 e6 11. d4 cxd4 12. Qxd4 b6 13. Rd1 Qc7 14. c4 Be7 15. b3 0-0 16. Nh3 Bc5 17. Qf4 Bb7 18. Ba3 a6 19. Bxc5 bxc5 20. bxa6 Bxa6 21. Qe3 Bb7 22. Nf4 Rfb8 23. Rac1 Kh8 24. Rc3 g5 25. Nh5 f4 26. Qe1 Qc6 27. f3 Rg8 28. Nf6 Rg7 29. h3 Qc7 30. Rcd3 Bc6 31. Kh2 Rf7 32. R1d2 Kg7 33. Rd6 Qa7 34. h4 h6 35. h5 Qa1 36. Qe2 Qb1 37. Rb2 Qf5 38. Ng4 Rff8 39. Qf2 Ra5 40. Ra2 Rfa8 41. Rxa5 Rxa5 42. Rd1 Kh8 43. Qb2 Ra8 44. Nf6 Rf8 45. Ng4 Ra8 46. Nf6 Kg7 47. b4 cxb4 48. Qxb4 Kf7 49. Ng4 Ke8 50. Rd2 Kd8 51. Qd6 Kc8 52. Rb2 Qh7 53. Nf6 Qf7 54. Rb6 Ba4 55. Ra6 Bc6 56. Rxc6+ 1-0

[Event "MDA-ch"]
[Site "Kishinev"]
[Date "2012.02.07"]
[Round "1"]
[White "Vedmediuc, Serghei"]
[Black "Golub, Dan"]
[Result "1-0"]
[WhiteElo "2468"]
[BlackElo "2207"]
[PlyCount "59"]
[EventDate "2012.02.07"]
[EventType "tourn"]
[EventRounds "11"]
[EventCountry "MDA"]
[SourceTitle "EXT 2014"]
[Source "ChessBase"]
[SourceDate "2013.11.20"]
[SourceVersion "1"]
[SourceVersionDate "2013.11.20"]
[SourceQuality "1"]

1. e4 c5 2. Nf3 Nc6 3. Nc3 Nf6 4. d4 cxd4 5. Nxd4 e5 6. Ndb5 d6 7. Bg5 a6 8. Na3 b5 9. Nd5 Be7 10. Bxf6 Bxf6 11. c4 b4 12. Nc2 0-0 13. h4 Qa5 14. Nxf6+ gxf6 15. b3 Be6 16. Qxd6 Qb6 17. Qd2 Rfd8 18. Qe3 Nd4 19. Nxd4 Qxd4 20. Qxd4 Rxd4 21. f3 a5 22. Rd1 a4 23. Rxd4 exd4 24. Be2 axb3 25. axb3 d3 26. Bd1 Ra2 27. g4 Bxc4 28. bxc4 b3 29. Bxb3 d2+ 30. Kf1 1-0

[Event "Kishinev ULIM op"]
[Site "Kishinev"]
[Date "2007.10.08"]
[Round "3"]
[White "Golub, Dan"]
[Black "Borta, Grigore"]
[Result "1/2-1/2"]
[WhiteElo "2184"]
[BlackElo "1904"]
[PlyCount "56"]
[EventDate "2007.10.06"]
[EventType "swiss"]
[EventRounds "9"]
[EventCountry "MDA"]
[SourceTitle "EXT 2008"]
[Source "ChessBase"]
[SourceDate "2007.11.25"]
[SourceVersion "1"]
[SourceVersionDate "2007.11.25"]
[SourceQuality "1"]

1. e4 c6 2. d3 e5 3. Nf3 d6 4. Be2 Nf6 5. 0-0 Be7 6. Nbd2 Qc7 7. Re1 0-0 8. Nf1 Re8 9. Ng3 Bf8 10. c3 Nbd7 11. Qc2 b6 12. h3 Bb7 13. d4 d5 14. dxe5 Nxe5 15. Nxe5 Qxe5 16. f4 Qc7 17. e5 Nd7 18. Bd3 g6 19. h4 Bg7 20. h5 Nf8 21. c4 Rac8 22. cxd5 cxd5 23. Qxc7 Rxc7 24. Bd2 f6 25. h6 Bxh6 26. exf6 Rxe1+ 27. Rxe1 Kf7 28. Bc3 Bxf4 1/2-1/2

[Event "Wch U18"]
[Site "Batumi"]
[Date "2006.10.27"]
[Round "10"]
[White "Golub, Dan"]
[Black "Tayar, Jonathan"]
[Result "0-1"]
[WhiteElo "2124"]
[BlackElo "2214"]
[PlyCount "68"]
[EventDate "2006.10.19"]
[EventType "swiss"]
[EventRounds "11"]
[EventCountry "GEO"]
[SourceTitle "EXT 2007"]
[Source "ChessBase"]
[SourceDate "2006.11.23"]
[SourceVersion "1"]
[SourceVersionDate "2006.11.23"]
[SourceQuality "1"]

1. e4 c5 2. Nf3 d6 3. d4 Nf6 4. Nc3 cxd4 5. Nxd4 a6 6. g3 Bg4 7. f3 Bd7 8. Bg2 Nc6 9. Nb3 g6 10. 0-0 Bg7 11. a4 0-0 12. f4 Bg4 13. Qe1 Qd7 14. f5 gxf5 15. h3 Nxe4 16. Nxe4 fxe4 17. hxg4 d5 18. Qe2 Ne5 19. Rf5 e6 20. Rh5 Rfc8 21. c3 Ng6 22. Bf1 Qc7 23. Qf2 b5 24. Nd4 b4 25. Bd2 bxc3 26. Bxc3 Rd8 27. Qh2 Qb6 28. Rd1 e5 29. Rxh7 Bf6 30. Rxf7 Kxf7 31. Qh7+ Bg7 32. Bc4 dxc4 33. Rf1+ Nf4 34. Qxe4 Rxd4 0-1

[Event "EU-ch U14"]
[Site "Budva"]
[Date "2003.09.22"]
[Round "9"]
[White "Stavrianakis, Ioannis"]
[Black "Golub, Dan"]
[Result "1/2-1/2"]
[WhiteElo "2035"]
[BlackElo "2089"]
[PlyCount "84"]
[EventDate "2003.09.13"]
[EventType "swiss"]
[EventRounds "9"]
[EventCountry "YUG"]
[SourceTitle "CBM 096 Extra"]
[Source "ChessBase"]
[SourceDate "2003.10.22"]
[SourceVersion "2"]
[SourceVersionDate "2003.10.20"]
[SourceQuality "1"]

1. d4 d5 2. c4 e6 3. Nc3 Nf6 4. Bg5 Be7 5. e3 0-0 6. Nf3 a6 7. Qc2 Nbd7 8. Rd1 h6 9. Bh4 Re8 10. cxd5 exd5 11. Ne5 c6 12. Bg3 Nxe5 13. Bxe5 Ne4 14. Nxe4 dxe4 15. a3 Qa5+ 16. Qd2 Qxd2+ 17. Kxd2 Be6 18. Rc1 Red8 19. Bc4 Bxc4 20. Rxc4 c5 21. Bc7 Rdc8 22. Bb6 cxd4 23. Rxc8+ Rxc8 24. Bxd4 f6 25. f3 exf3 26. gxf3 Kf7 27. Kd3 Ke6 28. h4 g5 29. hxg5 hxg5 30. e4 Rd8 31. Kc3 Bd6 32. Rh7 b5 33. Ra7 Rc8+ 34. Kd3 Rc6 35. Ra8 Be5 36. Bxe5 Kxe5 37. Ke3 Rc2 38. Re8+ Kd6 39. Rf8 Ke6 40. Re8+ Kd7 41. Ra8 Rc6 42. Kd4 Ke6 1/2-1/2